[Event "ISR-chT 2018"]
[Site "Israel"]
[Date "2018.03.02"]
[Round "11"]
[White "Deutsch, Eyal"]
[Black "Lev, Ronen"]
[Result "1/2-1/2"]
[WhiteElo "2358"]
[BlackElo "2350"]
[Annotator "TA"]
[PlyCount "41"]
[EventDate "2018.??.??"]
[EventType "team-tourn"]
[EventCountry "ISR"]
[SourceTitle "playchess.com"]
[Source "ChessBase"]
[SourceQuality "1"]

{[%evp 12,41,27,0,4,0,-3,-8,16,0,3,0,19,-8,35,30,30,32,34,18,31,9,40,30,72,35,37,29,42,43,54,57]} 1. Nf3 d5 2. b3 c5 3. e3 Nf6 4. Bb2 Nc6 5. Bb5 Bd7 6. O-O e6 7. d3 Bd6 {A06: Réti Opening:1 Nf3 d5} 8. Bxc6 Bxc6 9. Ne5 Rc8 {The position is equal.} (9... Qc7 10. f4 O-O-O 11. Nd2 Kb8 12. Qe2 Rhg8 13. c4 Ka8 14. Rac1 d4 15. exd4 cxd4 16. Ndf3 Bxf3 17. Rxf3 g5 18. c5 Bxe5 19. Qxe5 Qxe5 20. fxe5 {1-0 (50) Alekseev,E (2616)-Eljanov,P (2711) Riadh 2017}) 10. Nd2 O-O 11. f4 Qe7 12. Qe2 $146 ({Predecessor:} 12. Qe1 Nd7 13. Qg3 f6 14. Nxc6 Rxc6 15. e4 d4 16. a4 b6 17. Qf3 Rfc8 18. Qg4 {1-0 (53) Uraev,I (2235)-Purgin,N (2268) Kirov 2012}) 12... Ne8 13. Nxc6 Rxc6 14. e4 d4 15. a4 Bc7 16. g3 g6 17. Nf3 f6 18. Bc1 Ba5 19. Bd2 Bxd2 20. Nxd2 Nc7 21. Nc4 {Precision: White = 30%, Black = 36%.} 1/2-1/2

[Event "ISR-chT 2018"]
[Site "Israel"]
[Date "2018.03.02"]
[Round "11"]
[White "Gurbanov, Andrei"]
[Black "Alterman, Boris"]
[Result "0-1"]
[WhiteElo "2345"]
[BlackElo "2600"]
[Annotator "TA"]
[PlyCount "84"]
[EventDate "2018.??.??"]
[EventType "team-tourn"]
[EventCountry "ISR"]
[SourceTitle "playchess.com"]
[Source "ChessBase"]
[SourceQuality "1"]

{[%evp 9,84,20,25,10,21,26,29,21,14,20,23,26,31,32,29,14,37,33,54,25,26,25,29,18,54,59,54,52,91,44,44,0,9,14,12,0,0,0,0,0,0,0,0,0,0,0,0,0,-4,-83,-84,-84,-87,-115,-99,-90,-85,-110,-93,-127,-123,-306,-286,-362,-337,-364,-375,-391,-404,-376,-353,-478,-487,-592,-564,-29991,-29992]} 1. d4 Nf6 2. Nf3 c5 3. d5 b5 4. b3 (4. Bg5 Qb6 5. Bxf6 Qxf6 6. c3 g6 7. e3 b4 8. Nbd2 Bg7 9. Rc1 O-O 10. Be2 bxc3 11. bxc3 d6 12. O-O Nd7 13. Ne4 Qf5 14. Ng3 Qf6 15. Ne4 Qf5 16. Ng3 Qf6 17. Ne4 {½-½ (17) So,W (2815)-Carlsen,M (2832) chess.com INT 2017}) 4... e6 5. dxe6 fxe6 6. e3 {A43: Alt-Benoni} b4 $146 ({Vorgänger:} 6... Bb7 7. Be2 Be7 8. O-O a6 9. c4 b4 10. Bb2 O-O 11. Nbd2 Nc6 {½-½ (26) Pereira Figueroa,M (2113)-Teran Alvarez,I (2446) Seville 2006}) 7. a3 Bb7 8. axb4 {Weiß hat minimalen Vorteil.} cxb4 9. Bd3 Be7 10. Bb2 O-O 11. Nbd2 {[%cal Bb1d2,Bd2c4,Bc4e5][%mdl 32]} a5 12. Nc4 Nc6 13. O-O Qc7 14. Nfe5 d6 {[%cal Rc6e5]} 15. Nxc6 Bxc6 16. Qe2 ({Natürlich nicht} 16. Bxf6 Bxf6 17. Ra2 d5 $17) 16... d5 17. Ne5 Bb7 18. f4 Bd6 19. Bd4 Bc5 20. Kh1 Bxd4 21. exd4 Qb6 22. Qe3 Ba6 23. Bxa6 Rxa6 24. Nd3 Ne4 25. Nc5 Nxc5 26. dxc5 Qb5 27. Qd3 Rb8 28. Rfe1 Rc6 29. Qh3 (29. f5 $11) 29... Re8 ({Schwächer ist} 29... Rxc5 30. Qxe6+ Kh8 31. Rxa5 $1 $16 {[%mdl 512]}) 30. Qh5 {[%cal Rh5e8]} g6 31. Qe5 Rf8 32. c3 Qxc5 33. cxb4 axb4 34. Ra4 Qc3 35. Qe2 $2 (35. g3 $17 {war nötig.}) 35... Rxf4 {...Te4 ist eine echte Drohung.} 36. Ra8+ {[#]} Kg7 $1 {Weiss muss nun ...Te4 beachten.} 37. Ra7+ Kh6 38. Rg1 Qd4 39. Raa1 Qe4 40. Qb5 Rc3 41. Qd7 Rh4 {( -> ...Txh2+!)} 42. Rgf1 Qe5 {Precision: Weiß = 42%, Schwarz = 74%.} 0-1

[Event "ISR-chT 2018"]
[Site "Israel"]
[Date "2018.03.02"]
[Round "11"]
[White "Kasheev, Alexander M"]
[Black "Slonimskij, Arkadij"]
[Result "1-0"]
[WhiteElo "2345"]
[BlackElo "2100"]
[Annotator "TA"]
[PlyCount "54"]
[EventDate "2018.??.??"]
[EventType "team-tourn"]
[EventCountry "ISR"]
[SourceTitle "playchess.com"]
[Source "ChessBase"]
[SourceQuality "1"]

{[%evp 11,54,68,75,66,80,82,82,80,89,86,172,155,248,234,267,268,288,297,341,305,531,528,531,524,519,514,524,518,558,555,553,558,544,539,581,591,593,601,582,543,543,543,537,529,1302]} 1. d4 g6 2. c4 Bg7 3. e4 d6 4. Nc3 f5 5. exf5 Bxf5 6. Nf3 {A42: Modern Defence: Averbakh Variation} (6. Nge2 Nh6 7. Ng3 O-O 8. Be2 Nc6 9. Be3 e5 10. dxe5 Nxe5 11. Qd2 Nhg4 12. Bg5 Qd7 13. O-O Be6 {0-1 (75) Gurevich,M (2641)-Banikas,H (2523) Korinthos 2002}) 6... Nh6 {LiveBook: 7 Games} 7. Bd3 $146 {And now Bxh6 would win.} ({Predecessor:} 7. h3 Nf7 8. Be3 O-O 9. g4 Bd7 10. Qd2 a6 11. a4 Nc6 12. Be2 b5 13. axb5 axb5 14. Rxa8 Qxa8 15. Nxb5 {1-0 (32) Bagirov,R (2495)-Losev,D (2344) Moscow 2008}) 7... O-O 8. Bxh6 {White is better.} Bxh6 9. Bxf5 Rxf5 10. O-O Nc6 (10... Bg7 $16 {was called for.}) 11. d5 $18 Na5 (11... Ne5 $16) 12. Nd4 Rf7 13. Ne6 Qd7 14. Qd3 c5 15. f4 Nc6 $2 {[#]} (15... Raf8 {was worth a try.} 16. b3 Bxf4) 16. Qh3 {White is clearly winning.} ({Less strong is} 16. dxc6 Qxe6 17. Rae1 (17. cxb7 Rb8 $11) 17... Qc8 $16) 16... Nd4 17. Qxh6 Nxe6 18. dxe6 Qxe6 19. Nd5 {[%cal Bc3d5,Bd5e7,Be7f5][%mdl 32]} Qe4 20. Rae1 Qd4+ 21. Rf2 e5 22. f5 gxf5 23. Qxd6 e4 24. Ne7+ Kh8 {[#]} 25. Nxf5 $1 {[%mdl 512]} e3 (25... Rxf5 26. Qxd4+) 26. Qxd4+ cxd4 27. Rf3 Kg8 {Precision: White = 86%, Black = 33%.} 1-0

[Event "ISR-chT 2018"]
[Site "Israel"]
[Date "2018.03.02"]
[Round "11"]
[White "Sivan, Yaacov"]
[Black "Erenberg, Ariel"]
[Result "0-1"]
[WhiteElo "2338"]
[BlackElo "2391"]
[Annotator "TA"]
[PlyCount "100"]
[EventDate "2018.??.??"]
[EventType "team-tourn"]
[EventCountry "ISR"]
[SourceTitle "playchess.com"]
[Source "ChessBase"]
[SourceQuality "1"]

{[%evp 18,100,0,-39,-10,-29,5,-27,-37,-58,-47,-87,-65,-82,-76,-70,-67,-71,-76,-78,-72,-78,-67,-75,-75,-100,-95,-125,-117,-182,-95,-103,-99,-105,-107,-107,-107,-107,-110,-97,-99,-98,-92,-105,-71,-110,-109,-166,-175,-165,-131,-177,-161,-166,-170,-167,-165,-178,-164,-200,-172,-538,-548,-532,-483,-830,-722,-881,-874,-1012,-909,-1191,-1173,-2008,-1899,-1714,-29951,-29945,-29949,-12849,-11714,-12846,-12631,-7122,-6055]} 1. e4 e5 2. Nf3 Nc6 3. Bb5 a6 4. Bxc6 dxc6 5. O-O Qf6 6. d4 exd4 7. Qxd4 Qxd4 8. Nxd4 Bd7 9. Be3 O-O-O 10. Nd2 g6 {C68: Ruy Lopez: Exchange Variation, sidelines} 11. Rfe1 $146 ({Predecessor:} 11. N4b3 Bg7 12. Nc5 b6 13. Nxd7 Rxd7 14. c3 Ne7 15. Rfe1 c5 16. Nf1 Nc6 17. Bf4 Re8 18. f3 {½-½ (56) Lehmann,K (2325)-Fleck,J (2415) Germany 1988}) 11... Bg7 12. c3 c5 {Black has an edge.} 13. Ne2 b6 14. Ng3 Ne7 15. Nf3 Nc6 16. Ng5 Rdf8 17. f4 f6 18. Nf3 Re8 19. Rad1 a5 {[%cal Ba6a5,Ba5a4][%mdl 32]} 20. b3 a4 21. h4 Be6 22. Nd2 Rd8 23. h5 {[#]} (23. bxa4 $17 {was necessary.} Rd3 24. Nb1) 23... Rd3 (23... f5 $1 $19 24. Rc1 Rd3) 24. f5 $17 Bf7 25. hxg6 hxg6 26. fxg6 Bxg6 {And now ...Rhd8 would win.} 27. Nb1 Rxd1 28. Rxd1 axb3 29. axb3 Re8 30. Re1 Bf8 31. Bf4 {[#]} f5 $1 $36 {[%cal Rf5e4][%mdl 2560] White is under strong pressure.} 32. Kf2 (32. Na3 $17) (32. exf5 Rxe1+) 32... fxe4 $19 {White must now prevent ...e3+!} 33. Nd2 Na5 34. Ngxe4 {[#]} Nxb3 $1 {[%mdl 512]} 35. Nxb3 {Nbd2 is the strong threat.} Rxe4 36. Rxe4 Bxe4 $17 {[%mdl 4096] Endgame KBB-KBN} 37. g4 Bg7 38. Bd2 Kb7 39. Kg3 $2 (39. Nc1 {is tougher.}) 39... Kc6 $19 40. Kf4 Bh7 41. Nc1 (41. g5 $142 Kd5 42. Be1) 41... Kd5 42. Ne2 Kc4 43. Kf3 b5 44. g5 b4 45. cxb4 cxb4 46. Nf4 b3 (46... c5 $19 47. Bc1 Bf5) 47. Bc1 b2 48. Bxb2 Bxb2 {Black is clearly winning.} 49. g6 Bg8 50. Ke4 c5 {Precision: White = 35%, Black = 80%.} 0-1

[Event "ISR-chT 2018"]
[Site "Israel"]
[Date "2018.03.02"]
[Round "11"]
[White "Arlinsky, Uriel"]
[Black "Kagan, Shimon"]
[Result "1/2-1/2"]
[WhiteElo "2326"]
[BlackElo "2291"]
[Annotator "TA"]
[PlyCount "85"]
[EventDate "2018.??.??"]
[EventType "team-tourn"]
[EventCountry "ISR"]
[SourceTitle "playchess.com"]
[Source "ChessBase"]
[SourceQuality "1"]

{[%evp 9,85,42,42,43,50,25,31,25,44,35,47,41,89,37,41,34,29,27,33,27,47,40,60,20,25,21,18,30,69,20,50,65,77,27,65,66,77,75,68,42,107,99,106,64,63,62,121,128,127,127,116,118,112,127,117,74,74,77,114,0,0,0,0,0,0,0,0,0,0,0,0,0,0,0,0,0,0,0]} 1. Nf3 c5 2. e3 Nf6 3. d4 e6 4. c4 {[%cal Bc2c4,Bc4d5][%mdl 32]} Be7 5. d5 exd5 (5... d6 6. Nc3 O-O 7. Be2 Na6 8. e4 e5 9. h3 Nc7 10. a3 a5 11. b3 Nfe8 12. g4 g6 13. Bh6 Ng7 14. Qd2 f6 15. O-O-O Rf7 16. Rdg1 a4 {½-½ (34) Cvek,R (2525)-Velicka,P (2435) Czech Republic 2017}) 6. cxd5 {E10: Blumenfeld-Gambit} d6 7. h3 O-O 8. Nc3 {Weiß steht etwas besser.} a6 9. a4 Bf5 10. Nd2 $146 ({Vorgänger:} 10. Bd3 Bxd3 11. Qxd3 Nbd7 12. O-O {0-1 (34) Saric,B (1949)-Ivankovic,I (2144) Split 2004}) 10... Re8 {[#]} 11. Be2 (11. g4 $1 $16 {[%cal Rg4f5]} Bg6 12. g5) 11... Bf8 $14 12. O-O Nbd7 13. b3 Nb6 14. Bf3 Bd3 15. Re1 Nbd7 16. Be2 Bxe2 17. Qxe2 Rb8 18. a5 Ne5 19. Ra4 Qc8 20. Bb2 Ng6 21. Nc4 Qf5 22. e4 Qh5 23. Qxh5 Nxh5 24. g3 (24. Raa1 {keeps more tension.} Nf6 25. Re3 h5 26. Rae1 Nd7 27. Na4) 24... Ne5 ({Günstiger ist} 24... f5 $14) 25. Nxe5 $16 Rxe5 26. Nd1 Ree8 27. Re3 Rbd8 (27... g6 $14) 28. Rc4 g6 29. b4 cxb4 30. Rxb4 Rd7 31. Kg2 Bg7 32. Rb6 Bxb2 33. Rxb2 Nf6 {[#]} 34. Nc3 (34. f3 $1 $16) 34... Rc8 $11 {Die Stellung ist ausgeglichen.} 35. Na4 {Schwarz muss nun Sb6 beachten.} Re7 36. Rb4 Rc2 {Und ...Sxd5! würde nun gewinnen.} 37. Kf3 Nd7 38. Rc3 Ne5+ 39. Ke3 Rxc3+ 40. Nxc3 {f4 ist eine echte Drohung.} Rc7 41. Kd4 Nf3+ 42. Kd3 Ne5+ 43. Kd4 {Precision: Weiß = 58%, Schwarz = 58%.} 1/2-1/2

[Event "ISR-chT 2018"]
[Site "Israel"]
[Date "2018.03.02"]
[Round "11"]
[White "Aharon, Ofir"]
[Black "Tratatovici, Dan"]
[Result "0-1"]
[WhiteElo "2300"]
[BlackElo "2199"]
[Annotator "TA"]
[PlyCount "96"]
[EventDate "2018.??.??"]
[EventType "team-tourn"]
[EventCountry "ISR"]
[SourceTitle "playchess.com"]
[Source "ChessBase"]
[SourceQuality "1"]

{[%evp 24,96,10,14,54,44,101,79,89,95,125,114,121,108,156,153,156,90,120,-13,-10,-7,-8,-8,53,53,52,64,69,68,66,52,56,66,52,51,51,51,51,51,53,56,57,51,58,19,22,19,29,22,116,0,0,0,0,-649,-581,-561,-493,-404,-169,-222,-195,-181,-64,-64,-64,-770,-750,-701,-701,-29979,-29981,-29977,-29978]} 1. e4 e5 2. Nf3 Nc6 3. Bb5 a6 4. Ba4 Nf6 5. d3 b5 6. Bb3 Be7 7. O-O O-O 8. Re1 Bb7 9. Nc3 Re8 10. a4 b4 11. Nd5 Na5 12. Nxe7+ Qxe7 13. Ba2 {LiveBook: 28 Games. C88: Closed Ruy Lopez: Anti-Marshall Systems} c5 (13... d5 14. exd5 Qd6 15. c4 bxc3 16. bxc3 Bxd5 17. Bxd5 Nxd5 18. Bd2 Nc6 19. Qb3 h6 20. Rab1 Nb6 {1-0 (34) Kobalia,M (2643)-Adams,M (2735) playchess.com INT 2006}) 14. Bg5 b3 $146 (14... h6 $14 15. Bh4 d6) ({Find the theoretical novelty and annotate with similar games:} 14... h6 15. Bh4 Rab8 16. Nd2 d6 17. Nf1 Bc8 18. Ne3 g5 19. Bg3 b3 20. Bxb3 Nxb3 21. cxb3 {0-1 (54) Meertens,M-Linnemann,R (2295) Mittelrhein 1993}) 15. Qd2 $1 $16 {White is better.} ({Reject} 15. cxb3 Nc6 $11) 15... bxa2 16. Qxa5 h6 17. Bxf6 $1 Qxf6 18. Qxc5 Rac8 19. Qb4 $1 {[%cal Rb4b7]} Rb8 20. Qa5 ({Not} 20. Rxa2 Bd5 $11) (20. b3 $142) 20... d5 21. exd5 (21. b3 $16) 21... e4 $1 $11 {[%cal Re4f3]} 22. dxe4 Qxb2 {next ...Rxe4! is good for Black.} 23. Nd2 $1 Bxd5 (23... Qxc2 $11 24. Rec1 Qb2) 24. Qxd5 $14 Red8 $1 {[%cal Rd8d5]} 25. Rxa2 Qc3 26. Qc4 Qxd2 27. Kf1 Qf4 {And now ...Rd2 would win.} 28. g3 Qf3 29. Kg1 $1 Rd2 30. Qc5 Re2 {[%cal Re2e1]} 31. Raa1 Qxe4 32. Rxe2 Qxe2 {[%mdl 4096] Endgame KQR-KQR} 33. Qc3 Qe4 34. a5 Qf5 35. Qd3 Qe5 36. Ra3 h5 (36... Rb5 $11) 37. h4 ({White should play} 37. Qxa6 $16 {Strongly threatening Qc4.} Rb1+ 38. Kg2) 37... Rb1+ $11 38. Kg2 Qe1 {[%csl Gb1][%cal Re1h1]} 39. Qd8+ $2 {[%mdl 8192]} (39. Kf3 $11) 39... Kh7 $19 {[%csl Gb1][%cal Re1h1]} 40. Qd3+ g6 {[%csl Gb1][%cal Re1h1]} 41. Kf3 Rd1 $40 {[%mdl 128] Black goes for the king.} (41... Qh1+ $142 42. Ke3 Re1+ 43. Kf4 Qc6) 42. Qc4 Qh1+ {[%mdl 1024] Black has strong compensation.} 43. Ke3 ({But not} 43. Kf4 $2 Rd5 $19) 43... Rd5 (43... Rd7 $1 $19 44. Rd3 Re7+ 45. Kf4 Qh3) 44. Qc3 $1 $15 Rd6 45. Ra1 $2 {[%mdl 8192] [#]} (45. Qa1 $15 Qg2 46. Ke2) 45... Qd5 $1 $19 {( -> ...Re6+)} 46. f3 Rc6 47. Qb2 Re6+ 48. Kf2 {[#]} Qd2+ $1 {Precision: White = 52%, Black = 40%.} 0-1

[Event "ISR-chT 2018"]
[Site "Israel"]
[Date "2018.03.02"]
[Round "11"]
[White "Tifferet, Shaked"]
[Black "Kaplan, Sasha"]
[Result "1-0"]
[WhiteElo "2284"]
[BlackElo "2396"]
[Annotator "TA"]
[PlyCount "79"]
[EventDate "2018.??.??"]
[EventType "team-tourn"]
[EventCountry "ISR"]
[SourceTitle "playchess.com"]
[Source "ChessBase"]
[SourceQuality "1"]

{[%evp 9,79,-298,93,0,0,0,74,-19,0,-8,20,22,31,0,0,-2,17,14,12,6,0,0,0,0,0,0,0,-20,-13,-23,0,-7,24,17,33,11,51,39,30,32,30,35,29,31,50,48,87,83,97,75,151,82,82,86,86,64,103,99,208,172,247,46,580,571,550,533,645,630,610,559,712,698]} 1. e4 e5 2. Nf3 Nc6 3. Bb5 Nf6 4. Ba4 (4. O-O Nxe4 5. Re1 Nd6 6. Nxe5 Be7 7. Bf1 Nf5 8. Nf3 O-O 9. d4 d5 10. c3 Bd6 11. Nbd2 Nce7 12. Bd3 Ng6 13. g3 c6 14. Nf1 Bd7 15. Qc2 {½-½ (41) Vachier Lagrave,M (2793)-Carlsen,M (2834) chess.com INT 2018}) 4... b5 $146 ({Predecessor:} 4... a6 5. O-O b5 6. Bb3 Bb7 7. d3 Be7 8. Nc3 O-O 9. Re1 d6 10. Nd5 Na5 11. Nxe7+ Qxe7 12. Nh4 d5 13. Nf5 Qe6 14. f3 Nxb3 15. axb3 Ne8 16. Ng3 c5 17. exd5 Qxd5 {½-½ (43) Zawadka,Z (2202)-Geryk,M (1828) ICCF email 2013}) 5. d3 Bc5 $2 (5... bxa4 $19 6. c4 d6) 6. Bb3 {C65: Ruy Lopez: Berlin Defence (3...Nf6), unusual lines and 4 0-0 Bc5} ({White should try} 6. Bxb5 $16 Nd4 7. Nxd4 Bxd4 8. Nd2) 6... d6 $11 7. Nc3 h6 (7... Rb8 $11 {remains equal.}) 8. Nd5 (8. Nxb5 $16 Rb8 9. Nc3) 8... O-O 9. c3 a6 10. O-O Bd7 11. h3 Nxd5 12. Bxd5 Qf6 13. a4 Rab8 14. axb5 axb5 15. b4 Bb6 16. Be3 Ne7 {[%cal Bc6e7,Be7g6,Bg6f4][%mdl 32]} 17. Bb3 Ng6 18. Kh1 Nf4 19. d4 {[#] aiming for dxe5.} Rbd8 20. Ng1 g5 21. Kh2 Rfe8 {White should prevent ...exd4.} 22. d5 g4 23. g3 Nxh3 24. Nxh3 gxh3 25. Bxb6 cxb6 26. Ra7 {And now Rxd7! would win.} Qg6 27. Bc2 {[%mdl 1024] White has compensation.} Bg4 28. f3 Bd7 29. Qd2 Kh8 {[#]} (29... h5 $142) 30. Rg1 (30. f4 $142 $1) 30... Rg8 31. Rb7 h5 32. Bd3 Be8 33. Bf1 Ra8 (33... Bd7 $16) 34. Bxh3 $18 h4 (34... Qf6 $142 35. Bf5 (35. Rxb6 h4 $16) 35... Kg7) 35. Bf5 $2 (35. g4 $18) 35... Qg5 $2 {[%mdl 8192]} (35... hxg3+ $14 36. Kg2 Qf6) 36. Qxg5 {White is clearly winning.} Rxg5 37. gxh4 Rxg1 38. Kxg1 Kg7 39. Rxb6 f6 40. Rxd6 {Precision: White = 39%, Black = 28%.} 1-0

[Event "ISR-chT 2018"]
[Site "Israel"]
[Date "2018.03.02"]
[Round "11"]
[White "Gokhvat, Peter"]
[Black "Psakhis, Lev"]
[Result "1-0"]
[WhiteElo "2242"]
[BlackElo "2472"]
[Annotator "TA"]
[PlyCount "103"]
[EventDate "2018.??.??"]
[EventType "team-tourn"]
[EventCountry "ISR"]
[SourceTitle "playchess.com"]
[Source "ChessBase"]
[SourceQuality "1"]

{[%evp 14,103,3,-7,-7,-10,0,-18,-18,-47,-43,-48,-37,-44,-47,-46,-48,-62,-61,-72,-71,-65,0,0,0,0,0,0,0,0,0,0,0,0,-7,-31,-12,-31,-14,-41,11,15,78,76,84,83,81,69,69,74,149,118,156,128,444,437,529,482,533,342,377,362,377,385,404,403,355,404,403,403,403,377,545,512,547,513,547,544,522,512,558,529,675,659,789,718,1258,1260,1143,1130,1045,996]} 1. d4 e6 2. Nf3 c5 3. e3 Nf6 4. Bd3 Nc6 5. O-O d5 6. c3 b6 7. Nbd2 Bb7 8. Ne5 {LiveBook: 10 Games. D05: Colle System with ...e6} (8. Re1 Be7 9. dxc5 bxc5 10. e4 Qc7 11. exd5 exd5 12. Nf1 O-O 13. Bg5 Rfe8 14. Ne3 d4 15. Nf5 dxc3 16. Nxe7+ Nxe7 17. Bxf6 gxf6 18. bxc3 {½-½ (44) Morovic Fernandez,I (2527)-Bachmann,A (2646) Buenos Aires 2017}) 8... Qc7 9. f4 g6 10. Ndf3 {With the idea Ng5.The position is equal.} Bg7 11. Bd2 O-O 12. Rc1 $146 ({Find the theoretical novelty and annotate with similar games:} 12. Be1 Ne4 13. Bh4 Ne7 14. Qe2 {0-1 (37) Collahuazo,S (1438)-Lopez Rojas,W Carpuela 2015}) 12... c4 13. Bc2 Ne7 14. g4 Ne4 {White must now prevent ...f6.} 15. g5 Nf5 16. Ng4 h5 17. gxh6 Nxh6 (17... Bxh6 $15 18. Nxh6+ Nxh6) 18. Nxh6+ $11 Bxh6 19. Bxe4 dxe4 20. Ne5 Kh7 21. Qg4 Rh8 22. Be1 Kg8 23. Bh4 Bg7 24. Kf2 Bd5 25. Qg3 Rf8 26. Ke2 Rh5 ({Black should play} 26... Qb7 $15) 27. f5 $1 exf5 (27... Bxe5 $1 $11 {remains equal.} 28. dxe5 exf5) 28. Nxg6 $1 $16 Qxg3 29. Ne7+ Kh7 30. hxg3 Be6 31. Rh1 {And now Bg5 would win.} f4 (31... Kh6 $142) 32. exf4 {Hoping for Ke3.} (32. gxf4 $6 Bg4+ 33. Kf2 Bf3 $14) 32... Bg4+ 33. Ke3 Bf3 $2 {[%mdl 8192] [#]} (33... Re8 $16) 34. g4 $1 $18 {[%cal Rg4h5][%mdl 512]} Bxg4 {[#]} 35. Bg5 $1 Bh3 {[#]} 36. Nf5 $1 {[%mdl 512] Threatens to win with Ng3.} Bxf5 37. Rxh5+ Kg6 38. Rh2 f6 {[#]} 39. Bh6 $1 {[%mdl 512]} Bxh6 40. Rg1+ Bg5 ({Of course not} 40... Kh7 41. Rgh1 $18) 41. fxg5 fxg5 {[%mdl 4096] Endgame KRR-KRB} 42. Rhg2 Rh8 (42... g4 $142 43. Rxg4+ Bxg4) 43. Rxg5+ {White is clearly winning.} Kf6 44. Rg8 Rh5 45. R1g3 Be6 46. Rf8+ Ke7 47. Ra8 a5 48. Rb8 Rb5 49. Rg7+ Kd6 50. Rd8+ Kc6 51. Rg6 Kc7 52. Rh8 {Precision: White = 72%, Black = 44%.} ({Not} 52. Rxe6 Kxd8 53. a4 (53. Kxe4 Rxb2 54. Kd5 b5 $16) 53... Rxb2 $16) 1-0

[Event "ISR-chT 2018"]
[Site "Israel"]
[Date "2018.03.02"]
[Round "11"]
[White "Cohen Revivo, Shoham"]
[Black "Parkhov, Yair"]
[Result "0-1"]
[WhiteElo "2197"]
[BlackElo "2380"]
[Annotator "TA"]
[PlyCount "56"]
[EventDate "2018.??.??"]
[EventType "team-tourn"]
[EventCountry "ISR"]
[SourceTitle "playchess.com"]
[Source "ChessBase"]
[SourceQuality "1"]

{[%evp 17,56,-17,-14,-10,-12,-21,-12,-36,-26,-22,-20,-47,-49,-49,-49,-50,-55,-41,-44,-141,-52,-91,-87,-99,-99,-82,-25,-20,-24,-79,-81,-150,-142,-144,-136,-154,-92,-406,-418,-398,-388]} 1. e4 e6 2. d4 d5 3. Bd3 dxe4 4. Bxe4 Nf6 5. Bf3 Nbd7 6. Ne2 {C01: Französische Verteidigung (Abtauschvariante)} (6. Nc3 Rb8 7. Nge2 Be7 8. O-O O-O 9. Bf4 Bd6 10. Re1 b5 11. a3 Bb7 12. Bxb7 Rxb7 13. Qd3 Bxf4 14. Nxf4 {0-1 (42) Fedorchuk,S (2648)-Duda,J (2717) Katowice 2017}) 6... Bd6 7. O-O O-O 8. Nbc3 e5 9. Bg5 h6 {LiveBook: 3 Partien} 10. Bh4 Re8 11. dxe5 $146 ({Vorgänger:} 11. Qd3 exd4 12. Qxd4 Ne5 13. Bd5 {1-0 (43) Onischuk,V (2601)-Stocek,J (2568) Jurmala 2017}) 11... Nxe5 12. Nd4 (12. Bd5 $5) 12... Nxf3+ 13. Nxf3 Bf5 14. Nb5 Bf4 15. Qxd8 Raxd8 16. Bxf6 gxf6 17. g3 Be4 18. Nbd4 ({Besser ist} 18. Rfe1 $15) 18... Be5 (18... c5 $17 19. gxf4 cxd4) 19. c3 c5 20. Nxe5 fxe5 21. Nb3 c4 (21... b6 $17 22. f3 Ba8) 22. Rfe1 $11 f5 $36 {[%mdl 2048] Schwarz steht aktiver.} 23. Nc5 (23. Na5 $1 $11) 23... Bf3 24. Re3 (24. b3 $142) 24... e4 $17 25. Nxb7 Rd5 $1 26. b3 Ree5 (26... Rb8 $142 27. bxc4 Rd2) 27. bxc4 $2 {[%mdl 8192] [#]} (27. b4 $17 {war die entscheidende Verteidigung.}) 27... Rd7 $1 $19 28. Rb1 {[#]} f4 $1 {[%mdl 512] Precision: Weiß = 32%, Schwarz = 57%.} 0-1